The Office Fun Run full name - Statistics

General Stats
  • This quiz has been taken 12 times
  • The average score is 13 of 18
Answer Stats
Answer % Correct
Cure
100%
For
100%
The
100%
Fun
91%
Michael
91%
Run
91%
Scott's
91%
Race
82%
Rabies
73%
Dunder
64%
Meredith
64%
Mifflin
64%
Palmer
55%
Awareness
45%
Memorial
45%
Scranton
45%
Celebrity
27%
Pro-Am
27%
No matching quizzes found
Score Distribution
Percent of People with Each Score
Percentile by Number Answered
Your Score History
You have not taken this quiz